| 000 | 01792cam a2200373 a 4500 | ||
|---|---|---|---|
| 001 | 990106077780107026 | ||
| 003 | UkOxU | ||
| 005 | 20251013170815.0 | ||
| 008 | 920803s1984 ilu b 001 0 eng d | ||
| 010 | _aLC 83-18249 | ||
| 020 | _a9780226405971 | ||
| 035 | _a(UkOxU)010607778 | ||
| 035 | _a(UkOxU)010607778BIB01 | ||
| 035 | _aCURL 05LC83018249(Lon) from pdc357 | ||
| 035 | _a(OCoLC)9970115 | ||
| 040 | _ctbs | ||
| 041 | 1 | _aeng | |
| 041 | 1 | _hger | |
| 050 | 0 |
_aBJ1453 _b.J6613 1984 |
|
| 100 |
_aJonas, Hans _d1903-1993 _926151 _eauthor |
||
| 240 | 1 | 0 |
_aPrinzip Verantwortung. _lEnglish |
| 245 | 1 | 4 |
_aThe imperative of responsibility _b: in search of an ethics for the technological age _c/ Hans Jonas ; translated by Hans Jonas, with the collaboration of David Herr. |
| 260 |
_aChicago : _bUniversity of Chicago Press, _c1984. |
||
| 300 |
_axii, 255 pages ; _c24 cm. |
||
| 500 | _aTranslation of: Das Prinzip Verantwortung. | ||
| 504 | _aBibliography: p. [233]-246. | ||
| 504 | _aIncludes bibliographical references. | ||
| 520 | _aHans Jonas here rethinks the foundations of ethics in light of the awesome transformations wrought by modern technology: the threat of nuclear war, ecological ravage, genetic engineering, and the like. Though informed by a deep reverence for human life, Jonas’s ethics is grounded not in religion but in metaphysics, in a secular doctrine that makes explicit man’s duties toward himself, his posterity, and the environment. Jonas offers an assessment of practical goals under present circumstances, ending with a critique of modern utopianism. | ||
| 650 | 0 |
_aEthics _9947 |
|
| 650 | 0 |
_aResponsibility _926152 |
|
| 650 | 0 |
_aTechnology _xMoral and ethical aspects _925770 |
|
| 700 |
_aHerr, David _926153 _etranslator |
||
| 942 | _2lcc | ||
| 999 |
_c5044 _d5044 |
||